Obálka Náhled e-knihy:
PDF
Pro půjčování e-knih musíte být přihlášeni.
Jak si půjčit online?

Míša a její malí pacienti. Lesní útulek /

Další příběh sedmileté veterinářky Míši, která rozumí řeči zvířat, a tak ví, co je trápí.

Uloženo v:
Série:Míša a její malí pacienti, část 9
Hlavní autor: Cholewińska-Szkolik, Aniela (Autor)
Další autoři: Filipowska, Agnieszka (Autor), Kulová, Danuta (Ilustrátor)
Médium: E-kniha
Jazyk:Czech
Vydáno: V Brně : CPress, 2023
Vydání:1. vydání
Témata:
Příbuzné jednotky:Přeloženo z: Misia i jej mali pacjenci
Z cyklu:: Míša a její malí pacienti
Tagy:
Žádné tagy
LEADER 02740nam a2200517 i 4500
001 312158
003 CZ PrSKC
005 20260601215718.0
007 ta
008 231020s2023 xr a b 000 j cze
015 |a cnb003556349 
020 |a 9788026449898  |q (vázáno) :  |c Kč 199,00 
035 |a (OCoLC)1412781500 
040 |a ABG001  |b cze  |d OLA001  |d ABA001  |e rda 
041 1 |a cze  |h pol 
072 7 |a 821.162.1  |x Polská literatura  |2 Konspekt 
072 7 |a 821-93  |x Literatura pro děti a mládež (beletrie)  |2 Konspekt 
080 |a 821.162.1-32  |2 MRF 
080 |a 821-93  |2 MRF 
080 |a (0:82-32)  |2 MRF 
100 1 |a Cholewińska-Szkolik, Aniela  |7 xx0227006  |4 aut 
240 1 0 |a Lésne przytulisko.  |l Česky 
245 1 0 |a Míša a její malí pacienti.  |p Lesní útulek /  |c Aniela Cholewińska-Szkoliková ; ilustrace: Agnieszka Filipowská ; z polského originálu Misia i jej mali pacjenci - Lésne przytulisko ... přeložila Danuta Kulová 
246 3 0 |a Lesní útulek 
250 |a 1. vydání 
264 1 |a V Brně :  |b CPress,  |c 2023 
300 |a 47 stran :  |b barevné ilustrace ;  |c 25 cm 
336 |a text  |b txt  |2 rdacontent 
337 |a bez média  |b n  |2 rdamedia 
338 |a svazek  |b nc  |2 rdacarrier 
520 2 |a Další příběh sedmileté veterinářky Míši, která rozumí řeči zvířat, a tak ví, co je trápí.  |b Míša s Pupíkem tráví zimní prázdniny v hájovně u strýce Petra, který vede útulek pro lesní zvířata. Ráda pomáhá strýčkovi s péčí o obyvatele Lesního útulku. Mezitím, co holčička a pejsek postupně získávají důvěru náladového divočáka, lesní ohrada přijme do své péče raněného losa a v blízkosti útulku se také objeví záhadná sova. Nakladatelská anotace. Kráceno. 
521 8 |a Pro čtenáře od 5 let 
655 7 |a polské příběhy  |7 fd183167  |2 czenas 
655 7 |a publikace pro děti  |7 fd133156  |2 czenas 
655 9 |a Polish stories  |2 eczenas 
655 9 |a children's literature  |2 eczenas 
700 1 |a Filipowska, Agnieszka  |7 xx0227059  |4 ill 
700 1 |a Kulová, Danuta  |7 xx0039794  |4 trl 
765 0 |t Misia i jej mali pacjenci 
787 0 8 |i Z cyklu:  |t Míša a její malí pacienti  |g 9  |w (CZ-CtDS)497515e2-0598-549e-90db-213b485a5dcd 
900 |a ABA001  |b 21 
928 9 |a Albatros Media - CPress 
044 |a xr 
910 |a RBIT002 
998 |d 390163  |a https://core.palmknihy.cz/api/books/390163/cover?si5yjl  |b https://core.palmknihy.cz/api/books/390163/cover/400?si5yjl  |c https://core.palmknihy.cz/api/books/390163/cover/50?si5yjl  |e 2028-01-16  |g 48  |i 9788026449898  |k https://core.palmknihy.cz/api/books/390163/preview.pdf  |l   |q 49  |r 1  |s https://www.palmknihy.cz/kniha/390163  |t ebook  |y 2023  |z 0  |v Míša a její malí pacienti  |w 7 
999 |d 312156